000 00184nam a2200073Ia 4500
008 170524s9999 xx 000 0 und d
100 _aGOEL- B. K.
245 0 _aMECHANICAL ENGINEERING DRAWING
260 _bBHARAT BHARTI
999 _c7723
_d7723